Searches and seizures: an appraisal of their role and effectiveness in detecting tax evasion (Record no. 501423)

000 -LEADER
fixed length control field 00425cam a22001217a 4500
008 - FIXED-LENGTH DATA ELEMENTS--GENERAL INFORMATION
fixed length control field 180718b1986 xxu||||| |||| 00| 0 eng d
082 ## - DEWEY DECIMAL CLASSIFICATION NUMBER
Classification number APPPA 85-86 PAI
100 ## - MAIN ENTRY--PERSONAL NAME
Personal name Pai, M.A.
245 ## - TITLE STATEMENT
Title Searches and seizures: an appraisal of their role and effectiveness in detecting tax evasion
Statement of responsibility, etc. by M.A. Pai
260 ## - PUBLICATION, DISTRIBUTION, ETC.
Place of publication, distribution, etc. New Delhi
Name of publisher, distributor, etc. Indian Institute of Public Administration
Date of publication, distribution, etc. 1986
300 ## - PHYSICAL DESCRIPTION
Extent 129+p.
650 ## - SUBJECT ADDED ENTRY--TOPICAL TERM
Topical term or geographic name entry element Detecting tax evasion
Holdings
Withdrawn status Lost status Damaged status Not for loan Permanent Location Current Location Date acquired Full call number Barcode Date last seen Price effective from Koha item type
        Indian Institute of Public Administration Indian Institute of Public Administration 2018-08-04 APPPA 85-86 PAI GR11872 2018-08-04 2018-08-04 GR

Powered by Koha